Bioinformatics methods and applications (Record no. 786378)

MARC details
000 -LEADER
fixed length control field 00920nam a2200289Ia 4500
003 - CONTROL NUMBER IDENTIFIER
control field OSt
005 - DATE AND TIME OF LATEST TRANSACTION
control field 20220928130403.0
008 - FIXED-LENGTH DATA ELEMENTS--GENERAL INFORMATION
fixed length control field 220927b |||||||| |||| 00| 0 eng d
037 ## - SOURCE OF ACQUISITION
Terms of availability Textual
040 ## - CATALOGING SOURCE
Original cataloging agency SDCL
Transcribing agency SDCL
Language of cataloging eng
041 ## - LANGUAGE CODE
Source of code eng
Language code of text/sound track or separate title eng
100 ## - MAIN ENTRY--PERSONAL NAME
Personal name Rastogi S.C.
9 (RLIN) 450620
245 #0 - TITLE STATEMENT
Title Bioinformatics methods and applications
Remainder of title Genomics, proteomics and drug discovery
250 ## - EDITION STATEMENT
Edition statement 4th ed.
260 ## - PUBLICATION, DISTRIBUTION, ETC.
Place of publication, distribution, etc. Delhi
Name of publisher, distributor, etc. PHI learning P. Ltd.
Date of publication, distribution, etc. 2013
300 ## - PHYSICAL DESCRIPTION
Extent xx;628p.
Dimensions cm.
650 ## - SUBJECT ADDED ENTRY--TOPICAL TERM
Topical term or geographic name entry element I I C
700 ## - ADDED ENTRY--PERSONAL NAME
Personal name Mendiratta Namita
9 (RLIN) 473784
700 ## - ADDED ENTRY--PERSONAL NAME
Personal name Rastogi Parag
9 (RLIN) 473785
942 ## - ADDED ENTRY ELEMENTS (KOHA)
Classification part D6,8(2),9(G), Q3
Koha item type Textual
Source of classification or shelving scheme Colon Classification (CC)
Holdings
Withdrawn status Lost status Damaged status Not for loan Home library Current library Date acquired Source of acquisition Cost, normal purchase price Total Checkouts Full call number Barcode Date last seen Cost, replacement price Price effective from Koha item type
        South Campus Library South Campus Library 2022-09-28 182, 17/12/2014, Classic Book Service 475.00   D6,8(2),9(G) Q3 SC1511848 2022-09-28 475.00 2022-09-28 Textual
Copyright @ Delhi University Library System